MDQL
is popping MORE tags! Check the
thread
!
Quizzes
Events
Quiz Creation
Community
Videos
Private Events
Remove Ads
Sign In
Join for FREE
Feedback
Dark Mode
Quiz Categories
Sports
Geography
Music
Movies
Television
Just For Fun
Miscellaneous
History
Literature
Language
Science
Gaming
Entertainment
Religion
Holiday
For Kids
Quiz Lab
Recent
Popular Today
Quiz Kudos Today
Editor Picks
Curator Picks
Quizzes by...
Day
Popularity
Type
Ratings
Length
Year
Community
Subscriptions
Recent Discussions
Orange Saloon
Badges
Playlists
Quests
Create
Leaderboards
Showdown
Live 5
Trivia Bingo
Activity
Puzzle Library
Sporcle Events
Private Events
Virtual Trivia
Globe League
Become a Host
Pub Owners
SporcleCon
Opinionation
Our Games
Videos
Blog
Mobile Apps
Partnerships
Remove Ads and Go Orange
Feedback
Sports
Athletes
MLB
NBA
NHL
NFL
Soccer
Sports Teams
WWE
NCAA
Football
Premier League
Basketball
Baseball
Hockey
Golf
Tennis
Cricket
Rugby
Auto Racing
Olympics
World Cup
Sports
Athletes
MLB
NBA
NHL
NFL
Soccer
Sports Teams
WWE
NCAA
Football
Premier League
Basketball
Baseball
Hockey
Golf
Tennis
Cricket
Rugby
Auto Racing
Olympics
World Cup
Random Quiz
Search Sporcle
×
Quiz Lab
Quiz Lab
Sports
Tour de France
Type in answers that appear in a list
Type in answers that appear in a list
Classic
Best Score? Go Orange.
The post-Hinault era Stats
Name the best french rider in the Tour de France since Bernard Hinault's win in 1985
By
jutmagt
6m
33 Questions
448 Plays
448 Plays
448 Plays
Comments
Comments
Give Quiz Kudos
Give Quiz Kudos
-
- Ratings
hide this ad
Replay
Link that replays current quiz
Next Quiz
Link to next quiz in quiz playlist
You Got
0%
They Got
Avg Score
65%
Avg Friend Score
Upgrade to see
Score Distribution
Jump to the score distribution portion of the page
Score
0/33
Timer
06:00
0
Plays Today
Year
Rider
% Correct
2016
Romain Bardet
98.6%
2017
Romain Bardet
98.6%
2018
Romain Bardet
98.6%
2015
Romain Bardet
97.1%
1989
Laurent Fignon
95.7%
1996
Richard Virenque
94.8%
1997
Richard Virenque
94.8%
1999
Richard Virenque
94.8%
2011
Thomas Voeckler
93%
2013
Romain Bardet
91.9%
2014
Jean-Christophe Peraud
91%
1995
Laurent Jalabert
85.6%
2000
Christophe Moreau
85.4%
2003
Christophe Moreau
85.4%
2004
Christophe Moreau
85.4%
2005
Christophe Moreau
85.4%
2012
Pierre Rolland
80.9%
Year
Rider
% Correct
1986
Bernard Hinault
67.6%
1994
Luc Leblanc
64.3%
1987
Jean-Francois Bernard
64%
2008
Sandy Casar
62.7%
1991
Charly Mottet
59.8%
2006
Cyril Dessel
56.9%
2001
Francois Simon
53.7%
1998
Christophe Rinero
53%
2009
Christophe Le Mevel
52.1%
2002
David Moncoutie
46.5%
1992
Pascal Lino
39.6%
2010
John Gadret
35.5%
2007
Stephane Goubert
28.8%
1993
Jean-Philippe Dojwa
21.6%
1988
Eric Boyer
20.7%
1990
Fabrice Philipot
16.2%
Quiz Playlist
Details
Report
Send in Message
Add To Playlist
Classic:
Type in answers that appear in a list
Last Updated: Sep 5, 2018
Quiz Scoreboard
CHALLENGE
Sign Up to Join the Scoreboard
Show All
Scores
Hide
Comments
May contain spoilers
Recently Published
Street Fighter Characters
by Artimus82
Gaming
60s
9x9 Crossword: Cartoon Network
by jackfrog10
Miscellaneous
3m
College Basketball Coaching Resumes
by pancakes188
Sports
9m
More to Explore
Quiz From the Vault
Featured Blog Post
Where Did the Easter Bunny Come From?
hide this ad
You Might Also Like...
Tags
Cycling
tour
Tour de France
UCI Cycling
World Tour
Today's Top Quizzes in Sports
Browse Sports
hide this ad
Today's Top Quizzes in Tour de France
Browse Tour de France
Top Contributed Quizzes in Sports
1
2022 World Cup Stars
2
Les meilleurs buteurs des matchs entre le PSG et l’OM
3
FIFA Club World Cup Champions
4
Les entraîneurs de l'OM et du PSG au 21e siècle
5
Criteria MLB: Left Handed Sluggers
6
2023 MLB Unique Player Accomplishments
7
AFC Teams Reveal (Wrong Answers Minefield)
8
5-to-1: FBS Animal Nicknames
9
Players with Multiple 50 Home Run Seasons
10
5-to-1: UK Sports Teams
Explore More
Trending Topics
Harry Potter
Marvel
NBA
Crossword
Kpop
Disney
Anime
Pokémon
WWE
Song
Country
Soccer
NFL
The Office
Puzzle
hide this ad
More By:
jutmagt
Quiz
Plays
Rating
Category
Featured
Created
Cyclists that don't win
611
4.67
Sports
Dec 12, 2014
Cyclists' best seasons
560
4.50
Sports
Mar 7, 2018
The post-Hinault era
448
5.00
Sports
May 22, 2015
Beaten by Cavendish
362
5.00
Sports
May 2, 2018
World Tour/Pro Tour veterans
226
5.00
Sports
May 20, 2015
Go to Creator's Profile
Score Distribution
Quiz Creator Spotlight
jutmagt
Follow
Send a Message
Quizzes Created
-
Created Quiz Play Count
-
More By This Creator
Popular Quizzes Today
1
Find the US States - No Outlines Minefield
2
Find the Countries of Europe - No Outlines Minefield
3
The Countries of the World
4
Find the US States
5
Risky Map Clicking: Biggest States A-Z
6
US States
7
Popular People in 1961
8
Movies - When Are They Set?
More Sports Quizzes
How many D1 College Baseball Teams can you name?
Quiz Lab
Trending Quizzes
Risky Map Clicking: Least Populous States A-Z
Countries of the World: 200 Million BC
1-10 Letter G Words
Risky Map Clicking: Next State Alphabetically
Adjectives in 80s TV Shows
Recently Updated
Leaping Animals
pecheneg
Reality TV Shows (A-Z)
bhenderson79
Rickey Henderson's Hall of Fame Teammates
pecheneg
Champions League XIs: Arsenal
pecheneg
Quick Pick: Celebrities in WWE's Hall of Fame
aduchscher
A-Z Keypad Blitz II
pecheneg
Multiple Oscar Actors
pecheneg
Mystery Phrase Blitz: Oscar 'Best Actors'
pecheneg
F. Scott Fitzgerald Novels
LTH
Pick 3 Villains
ddd62291
Trending Topics
Marvel
Disney
Anime
Crossword
Kpop
NBA
Harry Potter
Song
The Office
Country
WWE
Soccer
Pokémon
Puzzle
NFL
Your Account Isn't Verified!
In order to create a playlist on Sporcle, you need to verify the email address you used during registration. Go to your
Sporcle Settings
to finish the process.
Report this User
Report this user for behavior that violates our
Community Guidelines
.
Details:
Send Report
Go to the Sporcle.com Mobile Site →
Comments